000 00428nam a2200181Ia 4500
001 10518
005 20260306161838.0
008 260306t1954||||xx |||||||||||||| ||spa||
041 _aESP
082 _a940.1
_bL21 T. 1
100 _aLamb, Harold
_eAUT
245 0 _aHistoria de las cruzadas:
_b(guerreros y santos)
260 _c1954
300 _a
_c23 cm.
650 _aGEN
654 _aCHU
942 _cLIB
_dJUS
_fJUS
_2ddc
_n
999 _c10518
_d10518